Austria Immigration By Country - Extreme - Statistics

General Stats
  • This quiz has been taken 16 times
  • The average score is 28 of 35
Answer Stats
Total Country % Correct
45,600 Bulgaria
100%
15,000 China
100%
42,000 Czech Republic
100%
260,380 Germany
100%
112,000 Hungary
100%
21,300 India
100%
60,800 Italy
100%
161,330 Romania
100%
26,890 Russia
100%
166,000 Serbia
100%
163,660 Turkey
100%
116,770 Ukraine
100%
16,350 United Kingdom
100%
151,430 Croatia
88%
14,210 Greece
88%
12,050 Pakistan
88%
85,630 Poland
88%
13,000 Portugal
88%
24,300 Albania
75%
223,500 Bosnia and Herzegovina
75%
32,000 Slovenia
75%
17,000 Switzerland
75%
119,800 Syria
75%
58,000 Afghanistan
63%
16,500 Brazil
63%
12,770 Iraq
63%
55,000 Kosovo
63%
21,450 Moldova
63%
14,900 Morocco
63%
12,300 Netherlands
63%
49,200 North Macedonia
63%
55,300 Slovakia
63%
13,500 Montenegro
50%
18,000 Egypt
38%
19,800 Nigeria
38%
No matching quizzes found
Score Distribution
Percent of People with Each Score
Percentile by Number Answered
Your Score History
You have not taken this quiz